Understanding Computers/ (Record no. 742)
[ view plain ]
| 000 -LEADER | |
|---|---|
| fixed length control field | 00589nam a22001817a 4500 |
| 005 - DATE AND TIME OF LATEST TRANSACTION | |
| control field | 20241106174418.0 |
| 008 - FIXED-LENGTH DATA ELEMENTS--GENERAL INFORMATION | |
| fixed length control field | 241106b |||||||| |||| 00| 0 eng d |
| 020 ## - INTERNATIONAL STANDARD BOOK NUMBER | |
| International Standard Book Number | 9781133190011 |
| 050 ## - LIBRARY OF CONGRESS CALL NUMBER | |
| Classification number | QA76.5 |
| Item number | .P318 |
| 100 ## - MAIN ENTRY--PERSONAL NAME | |
| Personal name | Morley, Deborah |
| 245 ## - TITLE STATEMENT | |
| Title | Understanding Computers/ |
| Remainder of title | today and tomorrow,/Comprehensive |
| Statement of responsibility, etc. | Deborah Morley & Charles S. Parker |
| 250 ## - EDITION STATEMENT | |
| Edition statement | 14th Ed. |
| 260 ## - PUBLICATION, DISTRIBUTION, ETC. | |
| Place of publication, distribution, etc. | Australia |
| Name of publisher, distributor, etc. | Course Technology, Cengage Learning |
| Date of publication, distribution, etc. | 2013 |
| 300 ## - PHYSICAL DESCRIPTION | |
| Extent | xxiii. various pagings |
| Other physical details | ill. color |
| Dimensions | 27.5cm |
| 650 ## - SUBJECT ADDED ENTRY--TOPICAL TERM | |
| Source of heading or term | Computers |
| 700 ## - ADDED ENTRY--PERSONAL NAME | |
| Personal name | Parker, Charles S. |
| 942 ## - ADDED ENTRY ELEMENTS (KOHA) | |
| Source of classification or shelving scheme | Library of Congress Classification |
| Koha item type | Books |
| Edition | 14th Ed. |
| Suppress in OPAC | No |
| 999 ## - | |
| -- | 742 |
| -- | 742 |
| Withdrawn status | Lost status | Source of classification or shelving scheme | Damaged status | Not for loan | Collection | Home library | Current library | Shelving location | Date acquired | Total checkouts | Full call number | Barcode | Date last seen | Copy number | Price effective from | Koha item type |
|---|---|---|---|---|---|---|---|---|---|---|---|---|---|---|---|---|
| Library of Congress Classification | Non-fiction | Science Library (Miotso) | Science Library (Miotso) | General stacks | 11/06/2024 | QA76.5 .P318 MOR | SLM00000399 | 11/06/2024 | 1 | 11/06/2024 | Books | |||||
| Library of Congress Classification | Non-fiction | Science Library (Miotso) | Science Library (Miotso) | General stacks | 11/06/2024 | QA76.5 .P318 MOR | SLM00000400 | 11/06/2024 | 2 | 11/06/2024 | Books | |||||
| Library of Congress Classification | Non-fiction | Science Library (Miotso) | Science Library (Miotso) | General stacks | 11/06/2024 | QA76.5 .P318 MOR | SLM00000401 | 11/06/2024 | 3 | 11/06/2024 | Books | |||||
| Library of Congress Classification | Non-fiction | Science Library (Miotso) | Science Library (Miotso) | General stacks | 11/06/2024 | QA76.5 .P318 MOR | SLM00000402 | 11/06/2024 | 4 | 11/06/2024 | Books |